Statystyki dla Powiaty Województwa Opolskiego z mapą

Kliknij tutaj aby rozwiązać quiz!

Ogólne statystyki

  • Ten quiz został rozwiązany 14 816 razy
  • Średni wynik to 7 z 12

Odpowiedzi na mapie

Odpowiedzi skodowane kolorowo w zielono-czerwonej skali na mapie do tego quizu, zgodnie z poniższymi procentami.
 

Statystyki odpowiedzi

Powiat% Poprawnych
Opole
96%
opolski
95%
nyski
70%
brzeski
61%
kluczborski
61%
kędzierzyńsko-kozielski
53%
namysłowski
53%
strzelecki
52%
głubczycki
50%
prudnicki
48%
krapkowicki
46%
oleski
46%

Rozkład punktacji

Percentyl według liczby udzielonych odpowiedzi

Procent ludzi z każdym wynikiem

Twoja historia wyników

Nie rozwiązałeś tego quizu